[Event "DVM U12 2010"]
[Site "Templin OT Groß Dölln GER"]
[Date "2010.12.29"]
[Round "5"]
[White "Müller, Constantin"]
[Black "Baskin, Robert"]
[Result "1/2-1/2"]
[Termination "normal"]
[Board "1.1"]
[WhiteElo "1874"]
[BlackElo "1891"]
[WhiteTeam "SK München Südost"]
[BlackTeam "Makkabi Frankfurt"]
[WhiteFideId "24697630"]
[BlackFideId "24662402"]
[EventCountry "GER"]
[EventRounds "7"]
[EventType "team-swiss"]
[EventDate "2010.12.26"]

1. d4 {[%emt 0:00:00]} d5 2. Nf3 Nf6 3. c4 e6 4. g3 dxc4 5. Bg2 c5 6. Qa4+ Nbd7
7. O-O Be7 8. dxc5 Bxc5 9. Qxc4 O-O 10. b4 Be7 11. Bb2 a6 12. Qb3 a5 13. a3
axb4 14. axb4 Rxa1 15. Bxa1 Qb6 16. b5 Nc5 17. Qc4 Bd7 18. Na3 Ra8 19. Bb2 Ra4
20. Qc2 Bxb5 21. Nxb5 Qxb5 22. Rc1 b6 23. Nd4 Qa6 24. Nc6 Qb7 25. Nxe7+ Qxe7
26. Bxf6 gxf6 27. Qb2 Qd8 28. Ra1 Qd4 29. Qxd4 Rxd4 30. Rb1 Rd8 31. Bc6 Rb8 32.
Rb5 Kf8 33. Bf3 Ke7 34. Bh5 e5 35. f4 Ke6 36. Kg2 Ne4 37. Kf3 Nd6 38. Bg4+ Ke7
39. Rd5 e4+ 40. Ke3 b5 41. Bf5 Nc4+ 42. Kd4 Na3 43. Bxe4 b4 1/2-1/2

[Event "DVM U12 2010"]
[Site "Templin OT Groß Dölln GER"]
[Date "2010.12.29"]
[Round "5"]
[White "Mager, Denis"]
[Black "Ovsepyan, Arshak"]
[Result "1/2-1/2"]
[Termination "normal"]
[Board "1.2"]
[WhiteElo "1681"]
[BlackElo "1947"]
[WhiteTeam "Makkabi Frankfurt"]
[BlackTeam "SK München Südost"]
[WhiteFideId "24691127"]
[BlackFideId "24690236"]
[EventCountry "GER"]
[EventRounds "7"]
[EventType "team-swiss"]
[EventDate "2010.12.26"]

1. d4 d5 2. c4 e6 3. Nf3 c5 4. cxd5 exd5 5. Nc3 Nc6 6. Bg5 Be7 7. Bxe7 Ngxe7 8.
e3 cxd4 9. Nxd4 O-O 10. Be2 Be6 11. O-O a6 12. Qd2 Qd7 13. Rfd1 Rfd8 14. Rac1
Rac8 15. b3 b5 16. Bf3 Rc7 17. Nxc6 Rxc6 18. Ne2 Rd6 19. Nd4 Nc6 20. Nxc6 Rxc6
21. Rxc6 Qxc6 22. Rc1 Qb6 23. Qd4 Qa5 24. Qb2 h6 25. h3 Qb4 26. a3 Qd6 27. b4
Ra8 28. Qd4 Rb8 29. e4 Qf4 30. Rd1 dxe4 31. Bxe4 Qg5 32. f4 Qe7 33. Qd6 Qe8 34.
Bf3 Bc4 35. Qd4 Qe7 36. Qe4 1/2-1/2

[Event "DVM U12 2010"]
[Site "Templin OT Groß Dölln GER"]
[Date "2010.12.29"]
[Round "5"]
[White "Bergauz, Noam"]
[Black "Greif, Gavin"]
[Result "1-0"]
[Termination "normal"]
[Board "1.3"]
[WhiteElo "1361"]
[BlackElo "1713"]
[WhiteTeam "SK München Südost"]
[BlackTeam "Makkabi Frankfurt"]
[WhiteFideId "12938033"]
[BlackFideId "24662429"]
[EventCountry "GER"]
[EventRounds "7"]
[EventType "team-swiss"]
[EventDate "2010.12.26"]

1. e4 e5 2. Nf3 d6 3. d4 Nd7 4. dxe5 dxe5 5. Be3 Ngf6 6. Bd3 Bd6 7. Nbd2 O-O $1
8. O-O $1 Re8 9. Nc4 Nf8 10. Bg5 Bg4 11. Qe2 Ng6 12. Rad1 c6 13. h3 Bc8 14. c3
h6 15. Be3 Be6 16. Bc2 Bxc4 17. Qxc4 Qc7 18. Bb3 Rad8 19. a4 a6 20. a5 Qe7 21.
Bb6 Rd7 22. Rd2 Rf8 23. Rfd1 Nh8 24. Ba2 Ng6 25. g3 Ne8 26. Qb3 Nf6 27. Qc4 Ne8
28. Kg2 Nf6 29. Rxd6 Rxd6 30. Bc5 Rfd8 31. Bxd6 Rxd6 32. Rxd6 Qxd6 33. Qxf7+
Kh8 34. Qxb7 Nxe4 35. Bb1 Nc5 36. Qf7 e4 37. Nd4 Ne5 38. Qxg7+ Kxg7 39. Nf5+
Kf6 40. Nxd6 Nb3 41. Nxe4+ Ke6 42. Ba2 1-0

[Event "DVM U12 2010"]
[Site "Templin OT Groß Dölln GER"]
[Date "2010.12.29"]
[Round "5"]
[White "Paulsen, Alexej"]
[Black "Leeb, Simon"]
[Result "1-0"]
[Termination "normal"]
[Board "1.4"]
[WhiteElo "1559"]
[BlackElo "1235"]
[WhiteTeam "Makkabi Frankfurt"]
[BlackTeam "SK München Südost"]
[WhiteFideId "24662372"]
[BlackFideId "12924768"]
[EventCountry "GER"]
[EventRounds "7"]
[EventType "team-swiss"]
[EventDate "2010.12.26"]

1. e4 e6 2. d4 d5 3. exd5 exd5 4. c3 Nf6 5. Bd3 Be7 6. Bf4 Nbd7 7. Nf3 Nh5 8.
Bg3 Nxg3 9. hxg3 Nf6 10. Nbd2 Bg4 11. Qc2 Bh5 12. O-O Bg6 13. Ne5 Bxd3 14. Qxd3
Nd7 15. Rfe1 O-O 16. Re2 Nxe5 17. Rxe5 Bf6 18. Re2 Re8 19. Rae1 Qd7 20. Qf5
Rxe2 21. Qxd7 Rxe1+ 22. Kh2 Re2 23. Nb3 Re7 24. Qxd5 c6 25. Qf3 h6 26. Nc5 Rae8
27. Nd3 Kh7 28. Qf5+ Kg8 29. f4 Re3 30. Ne5 Re2 31. Qd7 Re7 32. Qc8+ Kh7 33.
Nd7 R2e6 34. Nf8+ 1-0

[Event "DVM U12 2010"]
[Site "Templin OT Groß Dölln GER"]
[Date "2010.12.29"]
[Round "5"]
[White "Greßmann, Moritz"]
[Black "Riehle, Marco"]
[Result "0-1"]
[Termination "normal"]
[Board "2.1"]
[WhiteElo "1633"]
[BlackElo "1591"]
[WhiteTeam "BSV Chemie Weißensee"]
[BlackTeam "SF Sasbach"]
[WhiteFideId "24695084"]
[BlackFideId "12904392"]
[EventCountry "GER"]
[EventRounds "7"]
[EventType "team-swiss"]
[EventDate "2010.12.26"]

1. e4 e5 2. Nf3 Nc6 3. Bc4 Bc5 4. c3 Nf6 5. d3 d6 6. O-O O-O 7. Nbd2 Na5 8. Bb3
Nxb3 9. Nxb3 Bb6 10. Re1 Ng4 11. Be3 Nxe3 12. fxe3 f5 13. exf5 Bxf5 14. Kh1 Bg4
15. Nbd2 Rf6 16. Qb3+ Kh8 17. a4 a5 18. Ng5 d5 19. Ndf3 Rf5 20. Ne6 Qf6 21.
Qxd5 Rxf3 22. Qxb7 Rg8 23. Ng5 Rxe3 24. Rxe3 Bxe3 25. Ne4 Qb6 26. Qxb6 Bxb6 27.
Rf1 h6 28. Ng3 Rd8 29. h3 Rxd3 30. Kh2 Be6 31. Rf8+ Kh7 32. Re8 Bd7 33. Rxe5
Bxa4 34. Nf5 Rd2 35. Re7 Rd7 36. Re2 Rf7 37. Ng3 Rf2 38. Rxf2 Bxf2 39. Ne4 Be3
40. Kg3 Bc6 41. Nf2 Bxf2+ 42. Kxf2 Kg6 43. Kg3 Kf6 44. h4 Ke5 45. Kh3 Ke4 46.
g4 Kd3 47. g5 Kc2 48. b4 a4 49. gxh6 gxh6 50. Kg4 Be8 51. b5 Bxb5 52. Kh5 Kxc3
53. Kxh6 a3 54. Kg7 a2 55. h5 a1=Q 56. h6 Kb4+ 57. Kh7 Qf6 58. Kg8 Qg6+ 0-1

[Event "DVM U12 2010"]
[Site "Templin OT Groß Dölln GER"]
[Date "2010.12.29"]
[Round "5"]
[White "Bohnert, Dominik"]
[Black "Donath, Johann"]
[Result "1-0"]
[Termination "normal"]
[Board "2.2"]
[WhiteElo "1425"]
[BlackElo "1520"]
[WhiteTeam "SF Sasbach"]
[BlackTeam "BSV Chemie Weißensee"]
[WhiteFideId "12918075"]
[BlackFideId "24685160"]
[EventCountry "GER"]
[EventRounds "7"]
[EventType "team-swiss"]
[EventDate "2010.12.26"]

1. e4 Nf6 2. Nc3 e5 3. Nf3 Nc6 4. Bc4 Nxe4 5. Nxe4 d5 6. Bb5 dxe4 7. Nxe5 Qg5
8. Nxc6 Qxb5 9. Nd4 Qg5 10. Rg1 Bc5 11. c3 Qe5 12. h3 Bd7 13. Ne2 Qh2 14. d4
exd3 15. Qxd3 Qe5 16. Bf4 Qf6 17. O-O-O O-O-O 18. Qc4 Qb6 19. Nd4 Bxd4 20. Qxd4
Qa5 21. Qb4 Qxa2 22. Qa3 Qxa3 23. bxa3 h6 24. Rge1 g5 25. Bh2 Rhg8 26. Re7 f5
27. Rh7 Rg6 28. Be5 Ra6 29. Bg7 Rxa3 30. Kb2 Ra6 31. Bxh6 Ra2+ 32. Kb1 Be6 33.
Rxd8+ Kxd8 34. Bxg5+ Kc8 35. Re7 Bc4 36. Bf4 Bd5 37. Rxc7+ Kd8 38. Rc5 Be6 39.
Rxf5 Re2 40. Bg5+ Kd7 41. Rf4 b5 42. h4 a5 43. Rd4+ Kc6 44. Rf4 a4 45. Be7 Re1+
46. Kb2 Re2+ 47. Kb1 Kd5 48. Bb4 Ke5 49. g3 Bf5+ 50. Kc1 Rc2+ 51. Kd1 Ra2 52.
c4 bxc4 53. Rxc4 Rxf2 54. Rc5+ Ke6 55. Ra5 Rg2 56. Ke1 Bc2 57. h5 Rxg3 58. h6
Rh3 59. Kf2 Kf7 60. Ke1 Rxh6 61. Ra7+ Ke8 62. Kd2 Bb3 63. Kc3 Rc6+ 64. Kd3 Kd8
65. Kd2 Kc8 66. Ba5 Kb8 67. Rg7 Rc2+ 68. Kd3 a3 69. Rg1 a2 70. Bc3 Kb7 71. Rg7+
Kc6 72. Rg8 Kb5 73. Rg5+ Ka4 74. Ra5# 1-0

[Event "DVM U12 2010"]
[Site "Templin OT Groß Dölln GER"]
[Date "2010.12.29"]
[Round "5"]
[White "Koch, Elisabeth"]
[Black "Martin, Julian"]
[Result "1-0"]
[Termination "normal"]
[Board "2.3"]
[WhiteElo "1306"]
[BlackElo "1395"]
[WhiteTeam "BSV Chemie Weißensee"]
[BlackTeam "SF Sasbach"]
[WhiteFideId "24695068"]
[BlackFideId "12941000"]
[EventCountry "GER"]
[EventRounds "7"]
[EventType "team-swiss"]
[EventDate "2010.12.26"]

1. e4 {[%emt 0:00:00]} e5 2. Nf3 Nc6 3. Bc4 Bc5 4. c3 Nf6 5. d4 exd4 6. cxd4
Bb4+ 7. Bd2 Bxd2+ 8. Nbxd2 d5 9. exd5 Nxd5 10. Qb3 Nce7 11. O-O O-O 12. Rfe1 c6
13. Ne4 Qb6 14. Qxb6 axb6 15. Ne5 Be6 16. Nd6 Ra7 17. Rad1 b5 18. Bb3 Rd8 19.
Ne4 Kf8 20. Ng5 Bf5 21. Ngxf7 Rda8 22. Nd6 Nb4 23. Nxf5 Nbd5 24. Nd7+ Ke8 25.
Bxd5 cxd5 26. Rxe7+ Kd8 27. Nb6 Rb8 28. Rd7+ Ke8 29. Re1+ Kf8 30. Ree7 Re8 31.
Rf7+ Kg8 32. Rxg7+ Kh8 33. Rxh7+ Kg8 34. Rdg7+ Kf8 35. Rh8# 1-0

[Event "DVM U12 2010"]
[Site "Templin OT Groß Dölln GER"]
[Date "2010.12.29"]
[Round "5"]
[White "Ehmann, Thilo"]
[Black "Fabiunke, Jakob"]
[Result "1-0"]
[Termination "normal"]
[Board "2.4"]
[WhiteElo "1288"]
[BlackElo "1385"]
[WhiteTeam "SF Sasbach"]
[BlackTeam "BSV Chemie Weißensee"]
[WhiteFideId "12940968"]
[BlackFideId "24686085"]
[EventCountry "GER"]
[EventRounds "7"]
[EventType "team-swiss"]
[EventDate "2010.12.26"]

1. e4 e5 2. Nf3 Nc6 3. d4 exd4 4. Bc4 Nf6 5. e5 d5 6. Bb5 Ne4 7. Nxd4 Bd7 8.
Bxc6 bxc6 9. O-O Bc5 10. f3 Ng5 11. f4 Ne4 12. Be3 O-O 13. Nd2 Nxd2 14. Qxd2
Qe7 15. Nb3 Bb6 16. Qf2 f6 17. Bc5 Bxc5 18. Qxc5 Qe8 19. Rfe1 fxe5 20. Rxe5 Qg6
21. Rf1 Bh3 22. Rg5 Qe4 23. Qc3 Rf7 24. gxh3 Qe7 25. Re5 Qd6 26. Nc5 Qg6+ 27.
Rg5 Qh6 28. Qg3 Raf8 29. Rf2 Qd6 30. Nd3 g6 31. Ne5 Rf5 32. Rxf5 Rxf5 33. Qg4
Qc5 34. Nxg6 Rf7 35. Qc8+ Kg7 36. Ne5 Re7 37. Qg4+ Kh8 38. Qf5 Rg7+ 39. Kf1
Qb5+ 40. c4 Qb4 41. Nf7+ Rxf7 42. Qxf7 Qxc4+ 43. Re2 h5 44. Qf8+ Kh7 45. Qf5+
Kh8 46. Qe5+ Kh7 47. Kf2 1-0

[Event "DVM U12 2010"]
[Site "Templin OT Groß Dölln GER"]
[Date "2010.12.29"]
[Round "5"]
[White "Gungl, Theo"]
[Black "Wendland, Tobias"]
[Result "1-0"]
[Termination "normal"]
[Board "3.1"]
[WhiteElo "1735"]
[BlackElo "1621"]
[WhiteTeam "USV TU Dresden"]
[BlackTeam "SV Backnang"]
[WhiteFideId "24695653"]
[BlackFideId "24662267"]
[EventCountry "GER"]
[EventRounds "7"]
[EventType "team-swiss"]
[EventDate "2010.12.26"]

1. d4 d5 2. c4 e6 3. Nc3 Nf6 4. Bg5 c6 5. e3 Nbd7 6. a3 Qa5 7. b4 Qc7 8. Nf3 b6
9. c5 Be7 10. Bd3 O-O 11. O-O bxc5 12. bxc5 a5 13. a4 Ba6 14. Bxa6 Rxa6 15. Rb1
h6 16. Bf4 Qc8 17. Ne5 Bd8 18. Nxd7 Qxd7 19. Qd3 Ra7 20. Rb3 Bc7 21. Bxc7 Qxc7
22. Rfb1 e5 23. Ne2 Ng4 24. Ng3 exd4 25. exd4 Qf4 26. f3 Nxh2 27. Ne2 Qh4 28.
Qf5 Re7 29. g3 Qg5 30. Qxg5 hxg5 31. Nc1 g4 32. Kxh2 gxf3 33. Rxf3 Re4 34. Rf4
Re3 35. Rb3 Re1 36. Rc3 Rb8 37. Nb3 g6 38. Rf2 Ra8 39. Kg2 Kg7 40. Rcf3 f5 41.
Rd2 Kf6 42. Kf2 Rh1 43. Ke2 g5 44. Kd3 Rb8 45. Kc2 Rb4 46. Nxa5 Rxa4 47. Nxc6
g4 48. Rb3 Rg1 49. Nb4 Raa1 50. Nxd5+ Kg5 51. Nb6 Raf1 52. Kb2 Rb1+ 53. Ka3
Ra1+ 54. Kb4 Rge1 55. c6 Re7 56. d5 Re4+ 57. Kb5 Ra7 58. d6 Re5+ 59. Rd5 1-0

[Event "DVM U12 2010"]
[Site "Templin OT Groß Dölln GER"]
[Date "2010.12.29"]
[Round "5"]
[White "Maier, Lukas"]
[Black "Schamschurko, André"]
[Result "1/2-1/2"]
[Termination "normal"]
[Board "3.2"]
[WhiteElo "1387"]
[BlackElo "1738"]
[WhiteTeam "SV Backnang"]
[BlackTeam "USV TU Dresden"]
[WhiteFideId "12946184"]
[BlackFideId "24695670"]
[EventCountry "GER"]
[EventRounds "7"]
[EventType "team-swiss"]
[EventDate "2010.12.26"]

1. d4 Nf6 2. c4 g6 3. Nc3 Bg7 4. Nf3 d6 5. Bf4 O-O 6. e3 Nbd7 7. Be2 Qe8 8. Nb5
Qd8 9. O-O Ne4 10. Bd3 Ndf6 11. Qc2 Bf5 12. Nc3 Nxc3 13. Bxf5 gxf5 14. Qxc3 Ne4
15. Qc2 f6 16. Rad1 Qe8 17. Rfe1 e5 18. Bg3 Qe6 19. d5 Qd7 20. Nd2 Nxg3 21.
fxg3 e4 22. Rf1 Bh6 23. Qc3 Rae8 24. Rf2 Qa4 25. b3 Qa3 26. Rxf5 Qxa2 27. Rf2
Qa3 28. Ra1 Qc5 29. Nf1 f5 30. Qd2 Re7 31. Qe2 c6 32. Rd1 a5 33. Qd2 Rd7 34.
Ra1 1/2-1/2

[Event "DVM U12 2010"]
[Site "Templin OT Groß Dölln GER"]
[Date "2010.12.29"]
[Round "5"]
[White "Birkenheuer, Simon"]
[Black "Rausch, Adrian"]
[Result "1/2-1/2"]
[Termination "normal"]
[Board "3.3"]
[WhiteElo "1486"]
[BlackElo "1326"]
[WhiteTeam "USV TU Dresden"]
[BlackTeam "SV Backnang"]
[WhiteFideId "12964786"]
[BlackFideId "12929069"]
[EventCountry "GER"]
[EventRounds "7"]
[EventType "team-swiss"]
[EventDate "2010.12.26"]

1. e4 c6 2. d4 d5 3. e5 Bf5 4. Nd2 e6 5. Nb3 Nd7 6. Nf3 Ne7 7. Be3 h6 8. Be2
Qc7 9. O-O $1 Nc8 10. c3 Be7 11. Ne1 c5 12. f4 c4 13. Nd2 b5 14. g4 Bh7 15. f5
exf5 16. gxf5 Rg8 17. Ng2 Ncb6 18. Bf4 Qc6 19. Bg3 O-O-O 20. Bh5 Rdf8 21. Qe1
Bxf5 22. Rxf5 g6 23. Bxg6 fxg6 24. Rxf8+ Rxf8 25. Qe2 Na4 26. Nf3 Nxb2 27. Qxb2
Rxf3 28. Rf1 Rxf1+ 29. Kxf1 a5 30. Be1 Nb6 31. Ne3 1/2-1/2

[Event "DVM U12 2010"]
[Site "Templin OT Groß Dölln GER"]
[Date "2010.12.29"]
[Round "5"]
[White "Soos, Philipp"]
[Black "Fuchs, Sebastian"]
[Result "1-0"]
[Termination "normal"]
[Board "3.4"]
[WhiteElo "1107"]
[BlackElo "1363"]
[WhiteTeam "SV Backnang"]
[BlackTeam "USV TU Dresden"]
[WhiteFideId "12943967"]
[EventCountry "GER"]
[EventRounds "7"]
[EventType "team-swiss"]
[EventDate "2010.12.26"]

1. e4 {[%emt 0:00:00]} e5 {[%emt 0:00:00]} 2. Nf3 {[%emt 0:00:00]} Nc6 3. Bc4
Be7 4. Ng1 Nf6 5. Nc3 d6 6. Nf3 O-O 7. d4 Bg4 8. d5 Nd4 9. Rg1 Kh8 10. Be2 Bxf3
11. Bxf3 c6 12. Be3 Nxf3+ 13. Qxf3 c5 14. O-O-O Ng8 15. g4 Bg5 16. h4 Bxe3+ 17.
fxe3 Qxh4 18. g5 h6 19. Rg3 f5 20. Rh1 fxe4 21. Qg2 Qxh1+ 22. Qxh1 Rf5 23. Nxe4
Raf8 24. Kd2 Rd8 25. gxh6 Nxh6 26. Rg6 b6 27. Rxh6+ 1-0

[Event "DVM U12 2010"]
[Site "Templin OT Groß Dölln GER"]
[Date "2010.12.29"]
[Round "5"]
[White "Poghosyan, Tigran"]
[Black "Engert, Marvin"]
[Result "1/2-1/2"]
[Termination "normal"]
[Board "4.1"]
[WhiteElo "1542"]
[BlackElo "1631"]
[WhiteTeam "Lübecker SV"]
[BlackTeam "SG Turm Leipzig"]
[WhiteFideId "12909319"]
[BlackFideId "12901164"]
[EventCountry "GER"]
[EventRounds "7"]
[EventType "team-swiss"]
[EventDate "2010.12.26"]

1. e4 c5 2. Nf3 Nc6 3. d4 cxd4 4. Nxd4 Nf6 5. Nc3 e5 6. Ndb5 d6 7. Bg5 a6 8.
Na3 b5 9. Nd5 Be7 10. Bxf6 Bxf6 11. c4 b4 12. Nc2 a5 13. Be2 O-O 14. O-O Bg5
15. f4 Bh6 16. f5 Qh4 17. g3 Qg5 18. Nb6 Rb8 19. Nxc8 Rbxc8 20. f6 Qg6 21. Bg4
Rcd8 22. Bf5 Qg5 23. Qd5 Qd2 24. fxg7 Kxg7 25. Qxd2 Bxd2 26. Rad1 Bg5 27. Rd3
Nd4 28. Nxd4 exd4 29. h4 Be3+ 30. Rxe3 dxe3 31. Re1 Rfe8 32. Rxe3 Re5 33. Rd3
Rc5 34. b3 a4 35. Kf2 h6 36. Ke3 Kf6 37. Kf4 {=} Ke7 38. Ke3 Ra8 39. Kd4 axb3
40. axb3 Ra1 41. Bh7 Rc8 42. Bf5 Rg8 43. Kd5 h5 44. Kc6 Ra5 45. Bh7 Rc8+ 46.
Kb7 Rcc5 47. Kb6 Ra3 48. Bf5 Rxc4 49. e5 Rc3 50. exd6+ Kd8 51. Rd4 Raxb3 52. d7
Rxg3 53. Rc4 Rbd3 54. Rc8+ Ke7 55. Re8+ Kf6 56. Bxd3 Rxd3 57. d8=Q+ Rxd8 58.
Rxd8 1/2-1/2

[Event "DVM U12 2010"]
[Site "Templin OT Groß Dölln GER"]
[Date "2010.12.29"]
[Round "5"]
[White "Hummel, Felician"]
[Black "Kololli, Kevin"]
[Result "0-1"]
[Termination "normal"]
[Board "4.2"]
[WhiteElo "1509"]
[BlackElo "1324"]
[WhiteTeam "SG Turm Leipzig"]
[BlackTeam "Lübecker SV"]
[WhiteFideId "16200489"]
[BlackFideId "12936863"]
[EventCountry "GER"]
[EventRounds "7"]
[EventType "team-swiss"]
[EventDate "2010.12.26"]

1. d4 Nf6 2. Nf3 c5 3. c3 e6 4. e3 Nc6 5. Bd3 d5 6. Nbd2 Bd7 7. O-O Rc8 8. Qe2
Be7 9. e4 dxe4 10. Nxe4 cxd4 11. cxd4 O-O 12. Bd2 Qb6 13. Bc3 Nd5 14. Neg5 h6
15. Nh3 Rfd8 16. Qd2 Be8 17. Nf4 Nxc3 18. bxc3 Qc7 19. Rac1 e5 20. Ne2 Qa5 21.
Rfd1 f6 22. Ng3 Bf7 23. Nf5 Bf8 24. Ne3 exd4 25. cxd4 Qxd2 26. Rxd2 Nxd4 27.
Rxc8 Nxf3+ 28. gxf3 Rxc8 29. Bf5 Rc7 30. Rd8 Bxa2 31. Bg6 b5 32. Rb8 $11 b4 33.
Be4 a5 34. Nd5 Rc5 35. Nf4 Kf7 36. Rb7+ Kg8 37. Rb8 Bf7 38. Kh1 a4 39. Bg6 b3
40. Be4 a3 41. Nd3 Ra5 42. Nc1 b2 43. Nb3 Bxb3 44. Rxb3 a2 45. Rxb2 a1=Q+ 46.
Rb1 Qd4 47. Kg2 Ra2 48. Rf1 Bc5 49. Kh3 Rxf2 50. Rb1 Rb2 51. Rf1 Qd2 52. Kg4
Qg2+ 53. Kf5 Qg5+ 54. Ke6 Qe5+ 55. Kd7 Qd6+ 56. Kc8 Rb8# 0-1

[Event "DVM U12 2010"]
[Site "Templin OT Groß Dölln GER"]
[Date "2010.12.29"]
[Round "5"]
[White "Kololli, Martin"]
[Black "Storch, Domenic"]
[Result "1-0"]
[Termination "normal"]
[Board "4.3"]
[WhiteElo "1431"]
[BlackElo "1447"]
[WhiteTeam "Lübecker SV"]
[BlackTeam "SG Turm Leipzig"]
[WhiteFideId "12936910"]
[BlackFideId "16200470"]
[EventCountry "GER"]
[EventRounds "7"]
[EventType "team-swiss"]
[EventDate "2010.12.26"]

1. e4 c5 2. c3 Nc6 3. d4 cxd4 4. cxd4 d6 5. Nf3 g6 6. Bc4 Bg7 7. O-O Nf6 8. Nc3
O-O 9. Bg5 Nd7 10. Qd2 a6 11. Bh6 b5 12. Bxg7 Kxg7 13. Be2 Bb7 14. d5 Nce5 15.
Nxe5 Nxe5 16. Qd4 Kg8 17. f4 Nd7 18. Kh1 Qb6 19. Qd3 Rac8 20. Qh3 Rc7 21. Qh6
Kh8 22. e5 Rcc8 23. Rf3 Rg8 24. Rh3 Rg7 25. Bg4 Rc7 26. Bxd7 Rxd7 27. e6 fxe6
28. Ne4 {=} Qd8 29. Ng5 Qg8 30. dxe6 Rc7 31. Nf7+ Rxf7 32. exf7 Qxf7 33. Rg3
Rc2 34. b3 Qd5 35. Qf8+ Qg8 36. Qxe7 Qg7 37. Qd8+ Qg8 38. Qxd6 Qc8 39. Rd1 Rc1
40. Rgd3 Qg4 41. Qf8# 1-0

[Event "DVM U12 2010"]
[Site "Templin OT Groß Dölln GER"]
[Date "2010.12.29"]
[Round "5"]
[White "Hummel, Jeremias"]
[Black "Tiedemann, Fin Niklas"]
[Result "0-1"]
[Termination "normal"]
[Board "4.4"]
[WhiteElo "1141"]
[BlackElo "1234"]
[WhiteTeam "SG Turm Leipzig"]
[BlackTeam "Lübecker SV"]
[BlackFideId "12936936"]
[EventCountry "GER"]
[EventRounds "7"]
[EventType "team-swiss"]
[EventDate "2010.12.26"]

1. e4 e5 2. Nf3 Nc6 3. Bc4 Nf6 4. Nc3 Nxe4 5. Bxf7+ Kxf7 6. Nxe4 d5 7. Neg5+
Kg8 8. d4 e4 9. Ne5 Nxe5 10. dxe5 h6 11. Nh3 Bc5 12. Bf4 Kh7 13. Qh5 Be7 14.
O-O Rf8 15. Be3 Bxh3 16. Qxh3 d4 17. Bd2 Qd5 18. Qh5 Qe6 19. Rfe1 Rf5 20. Qh3
Qxe5 21. f3 e3 22. Bc1 Bd6 23. g4 Rf6 24. c3 c5 25. b3 Raf8 26. Kg2 Qd5 27. c4
Qxf3+ 28. Qxf3 Rxf3 29. Bxe3 dxe3 30. Rad1 Rf2+ 31. Kg1 e2 32. Rc1 Rf1+ 33.
Rxf1 Bxh2+ 34. Kg2 Rxf1 35. Rxf1 exf1=Q+ 36. Kxf1 Kg6 37. Kg2 Be5 38. Kh3 Kg5
39. Kg2 Kxg4 40. Kf2 Kh3 41. Kg1 Kg3 42. Kh1 Kf2 43. a3 Bd4 44. Kh2 g5 45. Kh3
h5 46. Kh2 g4 47. Kh1 g3 0-1

[Event "DVM U12 2010"]
[Site "Templin OT Groß Dölln GER"]
[Date "2010.12.29"]
[Round "5"]
[White "Richter, Leonard"]
[Black "Röhlich, Philipp"]
[Result "1-0"]
[Termination "normal"]
[Board "5.1"]
[WhiteElo "1826"]
[BlackElo "1711"]
[WhiteTeam "BSG Chemie Leipzig"]
[BlackTeam "SG Trier"]
[WhiteFideId "12900290"]
[BlackFideId "24692832"]
[EventCountry "GER"]
[EventRounds "7"]
[EventType "team-swiss"]
[EventDate "2010.12.26"]

1. e4 c5 2. d4 cxd4 3. c3 d3 4. Bxd3 Nc6 5. f4 d5 6. e5 e6 7. Nf3 f6 8. O-O
Bc5+ 9. Kh1 Qc7 10. b4 Be7 11. b5 Na5 12. Nd4 Bd7 13. Qh5+ Kd8 14. Qf7 1-0

[Event "DVM U12 2010"]
[Site "Templin OT Groß Dölln GER"]
[Date "2010.12.29"]
[Round "5"]
[White "Bauer, Lukas"]
[Black "Angrick, Philipp"]
[Result "1/2-1/2"]
[Termination "normal"]
[Board "5.2"]
[WhiteElo "1571"]
[BlackElo "1837"]
[WhiteTeam "SG Trier"]
[BlackTeam "BSG Chemie Leipzig"]
[WhiteFideId "12907715"]
[BlackFideId "12912298"]
[EventCountry "GER"]
[EventRounds "7"]
[EventType "team-swiss"]
[EventDate "2010.12.26"]

1. e4 c5 2. c3 d5 3. exd5 Qxd5 4. d4 Nc6 5. Nf3 Bf5 6. Be3 e5 7. c4 Qd7 8. Nxe5
Nxe5 9. dxe5 Qxd1+ 10. Kxd1 O-O-O+ 11. Ke1 f6 12. exf6 Nxf6 13. f3 Bd6 14. Nc3
Rhe8 15. Kf2 b6 16. Nb5 Bb8 17. Be2 Re6 18. Rhe1 a6 19. Nc3 Bxh2 20. g4 Bg6 21.
f4 Bg3+ 22. Kxg3 Rxe3+ 23. Kf2 Ree8 24. g5 Ne4+ 25. Nxe4 Rxe4 26. Bg4+ Kb8 27.
Rxe4 Bxe4 28. Rd1 Rxd1 29. Bxd1 Bf5 30. Ke3 g6 1/2-1/2

[Event "DVM U12 2010"]
[Site "Templin OT Groß Dölln GER"]
[Date "2010.12.29"]
[Round "5"]
[White "Schaefer, Matthes"]
[Black "Bach, Marc-Andre"]
[Result "1-0"]
[Termination "normal"]
[Board "5.3"]
[WhiteElo "1387"]
[BlackElo "1682"]
[WhiteTeam "BSG Chemie Leipzig"]
[BlackTeam "SG Trier"]
[WhiteFideId "12946117"]
[BlackFideId "1270773"]
[EventCountry "GER"]
[EventRounds "7"]
[EventType "team-swiss"]
[EventDate "2010.12.26"]

1. e4 d5 2. exd5 Nf6 3. d4 Nxd5 4. Nf3 g6 5. c4 Nb6 6. Nc3 Bf5 7. Qb3 Bc8 8.
Be3 Bg7 9. Be2 O-O 10. O-O e6 11. Ne4 Nc6 12. Rad1 Qe8 13. Bh6 Qe7 14. Bg5 f6
15. Be3 Nd7 16. d5 exd5 17. cxd5 Qxe4 18. dxc6+ 1-0

[Event "DVM U12 2010"]
[Site "Templin OT Groß Dölln GER"]
[Date "2010.12.29"]
[Round "5"]
[White "Kasel, Mario"]
[Black "Caprita, Victor"]
[Result "1-0"]
[Termination "normal"]
[Board "5.4"]
[WhiteElo "1347"]
[BlackElo "1175"]
[WhiteTeam "SG Trier"]
[BlackTeam "BSG Chemie Leipzig"]
[WhiteFideId "24660957"]
[BlackFideId "12946125"]
[EventCountry "GER"]
[EventRounds "7"]
[EventType "team-swiss"]
[EventDate "2010.12.26"]

1. e4 e5 2. Nf3 Nc6 3. Bc4 Bc5 4. Nc3 Nf6 5. d3 d6 6. Bg5 h6 7. Bh4 g5 8. Bg3
Bg4 9. Nd5 Nd4 10. Ne3 Nxf3+ 11. gxf3 Be6 12. Bb3 Qd7 13. Nd5 Nxd5 14. Bxd5
Bxd5 15. exd5 O-O-O 16. Qd2 f5 17. h4 f4 18. Bh2 gxh4 19. c3 Qh3 20. Qe2 Qg2
21. O-O-O Qxf2 22. Qxf2 Bxf2 23. Bg1 Bg3 24. d4 exd4 25. Bxd4 Rh7 26. Bf6 Re8
27. Bxh4 Re3 28. Rd4 Rxf3 29. Re4 Rf2 30. Re8+ Kd7 31. Rd8# 1-0

[Event "DVM U12 2010"]
[Site "Templin OT Groß Dölln GER"]
[Date "2010.12.29"]
[Round "5"]
[White "Dürr, Florian"]
[Black "Böhning, Kilian"]
[Result "1/2-1/2"]
[Termination "normal"]
[Board "6.1"]
[WhiteElo "1809"]
[BlackElo "1688"]
[WhiteTeam "SC Erlangen"]
[BlackTeam "Hagener SV"]
[WhiteFideId "24659134"]
[BlackFideId "1270499"]
[EventCountry "GER"]
[EventRounds "7"]
[EventType "team-swiss"]
[EventDate "2010.12.26"]

1. e4 d5 2. exd5 Qxd5 3. Nc3 Qa5 4. Bc4 Nc6 5. d3 Nf6 6. Bd2 e6 7. Nd5 Bb4 8.
Nxb4 Nxb4 9. a3 Qe5+ 10. Ne2 Nbd5 11. d4 Qd6 12. Bxd5 Nxd5 13. O-O O-O 14. c4
Nf6 15. Bb4 Qd8 16. Bxf8 Kxf8 17. Qc2 b6 18. Rad1 Bb7 19. Ng3 Qd7 20. f3 Rd8
21. Ne4 Kg8 22. Nxf6+ gxf6 23. Rd3 c6 24. Rfd1 Qc7 25. Rc3 Qe7 26. Rcd3 Qc7 27.
Qf2 Ba6 28. Rc3 Qd7 29. Qg3+ Kf8 30. Qh4 Kg7 31. f4 Qe7 32. Rg3+ Kf8 33. Qxh7
Ke8 34. Rg8+ Kd7 35. Rxd8+ Kxd8 36. d5 Bxc4 37. dxe6+ Kc8 38. exf7 Qxf7 39.
Qh3+ Kc7 40. f5 Bd5 41. Qg3+ Kb7 42. Re1 Qf8 43. Qe3 Ka6 44. Qe2+ b5 45. Kh1
Qg7 46. Qf2 Qg5 47. Re3 Qg4 48. Re7 Bxg2+ 1/2-1/2